menores paises do mundo(em area) - Statistics

Estatísticas Gerais
  • Esse quiz foi jogado 123 vezes
  • A pontuação média é 10 de 15
Estatísticas das Respostas
tamanho pais % Correto
0,44 vaticano
100%
1,95 monaco
90%
61 san marino
89%
26 tuvalu
80%
21 nauru
78%
453 andorra
77%
160 liechtenstein
76%
316 malta
65%
181 ilhas marshall
62%
344 granada
61%
388 sao vicente e granadinas
59%
430 barbados
54%
440 antigua e barbuda
53%
298 maldivas
42%
261 sao cristovao e neves
3%
Nenhum quiz correspondente encontrado
Distribuição das Pontuações
Porcentagem de Pessoas com Cada Pontuação
Percentil de Números Respondidos
Sua Pontuação Histórica
Você não jogou esse quiz